Gobierno de los regulares de la América, ajustado religiosamente á la voluntad del rey (Record no. 8397)
[ view plain ]
| 000 -CABECERA | |
|---|---|
| campo de control de longitud fija | 02296nam a2200277 a 4500 |
| 001 - NÚMERO DE CONTROL | |
| campo de control | BRCA_8745 |
| 005 - FECHA Y HORA DE LA ÚLTIMA TRANSACCIÓN | |
| campo de control | 20190320210406.0 |
| 008 - DATOS DE LONGITUD FIJA--INFORMACIÓN GENERAL | |
| campo de control de longitud fija | 030317s1783----sp-#######---#000-0#spa-# |
| 041 ## - CÓDIGO DE LENGUA | |
| Código de lengua del texto/banda sonora o título independiente | spa |
| 044 ## - CÓDIGO DEL PAÍS DE LA ENTIDAD EDITORA/PRODUCTORA | |
| Código MARC del país | sp |
| 084 ## - OTRO NÚMERO DE CLASIFICACIÓN | |
| Número de clasificación | BE104 |
| Número de documento/Ítem | .P37 1783 |
| 100 1# - ENTRADA PRINCIPAL--NOMBRE DE PERSONA | |
| Nombre de persona | Parras, Pedro Joseph |
| 9 (RLIN) | 21779 |
| 245 10 - MENCIÓN DE TÍTULO | |
| Título | Gobierno de los regulares de la América, ajustado religiosamente á la voluntad del rey |
| Resto del título | trabajado en obsequio de la paz y tranquilidad conveniente á los Regulares mismos con los Señores Diocesanos, Virreyes, Presidentes, Audencias, Gobernadores y demás Tribunales subalternos: arreglado á las leyes de aquellos reynos reales cédulas de S. M. autos-acordados, decretos, y providencias de su Real y Supremo Consejo de las Indias: Para instrucción de los prelados Generales, Provinciales, Visitadores y otros Delegados en las obligación de sus oficios respectivamente para con el Reay y para con su subditos |
| Mención de responsabilidad, etc. | su autor el P. Fr. Pedro Joseph Parras, Lector Jubilado... |
| 260 ## - PUBLICACIÓN, DISTRIBUCIÓN, ETC. | |
| Lugar de publicación, distribución, etc. | Madrid |
| Nombre del editor, distribuidor, etc. | Por D. Joachîn Ibarra, impresor de la cámara de S.M. |
| Fecha de publicación, distribución, etc. | 1783 |
| 300 ## - DESCRIPCIÓN FÍSICA | |
| Extensión | XXXVI, 493p. (t.2) |
| Dimensiones | 20.4 x 15 cm. |
| 500 ## - NOTA GENERAL | |
| Nota general | Con las licencias necesarias. |
| 500 ## - NOTA GENERAL | |
| Nota general | En portada: quien lo dedica al rey nuestro señor en su Real y Supremo Consejo de las Indias |
| 500 ## - NOTA GENERAL | |
| Nota general | Con marca de fuego: “Procedencia de la marca: Convento de Santa María de los Ángeles de Churubusco, D.F.(1) Institución: Orden de Frailes Menores Descalzos. Provincia de San Diego de México. Descripción: Inscrito en un rectángulo de puntas redondeadas la palabra Churubusco. Observaciones: Rafael Sala, Carlos Krausse y David Saavedra Vega atribuyen esta marca al Convento de Nuestra Señora de los Ángeles, de Churubusco, Ciudad de México. Ubicación de la marca en el libro: Canto superior, inferior y lateral” |
| 500 ## - NOTA GENERAL | |
| Nota general | Estado físico: presenta encuadernación en pergamino, con lomo semi desprendido |
| 650 14 - PUNTO DE ACCESO ADICIONAL DE MATERIA--TÉRMINO DE MATERIA | |
| Término de materia o nombre geográfico como elemento de entrada | Ordenes monásticas y religiosas |
| Subdivisión cronológica | America latina |
| 9 (RLIN) | 21780 |
| 650 14 - PUNTO DE ACCESO ADICIONAL DE MATERIA--TÉRMINO DE MATERIA | |
| Término de materia o nombre geográfico como elemento de entrada | Iglesia católica |
| Subdivisión cronológica | America latina |
| 9 (RLIN) | 21781 |
| 700 1# - PUNTO DE ACCESO ADICIONAL--NOMBRE DE PERSONA | |
| Nombre de persona | Ibarra, Joachîn |
| Término indicativo de función/relación | Impresor |
| 9 (RLIN) | 21782 |
| 856 ## - LOCALIZACIÓN Y ACCESO ELECTRÓNICOS | |
| Nombre del host | http://www.marcasdefuego.buap.mx:8180/xmLibris/projects/firebrand/item.jsp?repository=marcas_de_fuego&key=marcas_de_fuego_franciscanas_20150804141948_e26b.xml&num=129 |
| 902 ## - CATALOGADOR | |
| Iniciales | CFM |
| 942 ## - ELEMENTOS DE PUNTO DE ACCESO ADICIONAL (KOHA) | |
| Fuente del sistema de clasificación o colocación | Library of Congress Classification |
| Tipo de ítem Koha | Libros |
| Estado de retiro | Estado de pérdida | Estado dañado | No para préstamo | Localización permanente | Ubicación/localización actual | Fecha de adquisición | Total de préstamos | Signatura topográfica completa | Código de barras | Fecha visto por última vez | Precio válido a partir de | Tipo de ítem Koha |
|---|---|---|---|---|---|---|---|---|---|---|---|---|
| El ejemplar forma parte de la colección y puede ser consultado según las políticas vigentes. | Biblioteca del Museo Franz Mayer (Rogerio Casas-Alatriste) | Biblioteca del Museo Franz Mayer (Rogerio Casas-Alatriste) | 03/03/2017 | BE104 .P37 1783 | CFM00080 | 22/03/2019 | 22/03/2019 | Libros |